| 000 | 00817nam a22001817a 4500 | ||
|---|---|---|---|
| 003 | LK-CoMWRAF | ||
| 005 | 20240130141908.0 | ||
| 008 | 240130b |||||||| |||| 00| 0 eng d | ||
| 040 |
_aLK-CoMWRAF _dLK-CoMWRAF _eLK-CoMWRAF |
||
| 041 | _asin | ||
| 082 |
_a362.8292 _bGRU |
||
| 245 | _aගෘහස්ථ ප්රචන්ඩක්රියා වැළැක්වීමේ පනත යනු කුමක්ද? | ||
| 246 | _aGruhastha prachandakriya walakweeme panatha yanu kumakda? | ||
| 260 |
_aනාරාහේන්පිට : _bජාතික කාන්තා කමිටුව, |
||
| 700 |
_aදළුවත්ත, ශ්යාමිලා _yDaluwaththa, Shyamila _eed. |
||
| 700 |
_aමුතුකුමාරගේ, දමයන්ති _yMuthukumarage, Damayanthi _eills. |
||
| 942 | _cBK | ||
| 999 |
_c4701 _d4701 |
||